00937 a2200217 4500003000500000005001700005040000900022082001000031100003700041245009000078260003100168300001600199505021600215538002900431650001400460651001100474942000800485999001900493952010400512952010300616Nust20170207153206.0 cNust a005.1 aRehman, -ur-Taufique (MSCS-5) aDesign and development web-based automated messaging systemcTaufique-ur -Rehman  bMCS,NUSTc2004aRawalpindi aix, 104, p. aIntroduction (page-1) Internet world wide web and E-Commerce (page-6) Model web application for sales services (page-15) Presentation tier (page-46) Database tier (page-69) Discussion and future work (page-75) aAlmirah No 73 Shelf No 1 aPG Thesis aMSCS-5 cTHS c181223d181223 00102ddc40708NFICaMCSbMCSd2016-12-12l0o005.1 REHpMCSTCS-153r2016-12-08w2016-12-12yBK 00102ddc40708NFICaMCSbMCSd2016-12-12l0o005.1 REHpMCSTCS-39r2016-12-08w2016-12-12yBK